| 000 | 00728cab a2200229 4500 | ||
|---|---|---|---|
| 001 | ABS54812 | ||
| 008 | 090401t1996 xxu||||| |||| 00| 0 eng d | ||
| 035 | _a(Sirsi) u12362 | ||
| 041 | _aeng | ||
| 100 | _aCatt, R. | ||
| 245 | _aGreat walls of fire | ||
| 260 | _c1996 | ||
| 350 | _a0 | ||
| 490 |
_aValuer (ISVA) _v65(2) March/April 1996, 6-7(2) |
||
| 520 | _aExamines the Party Wall Bill introduced by Lord Lytton in the House of Lords which will extend the principle of Inner London party wall legislation to the rest of England and Wales. | ||
| 650 | _aLONDON BUILDING ACTS | ||
| 650 | _aPARTY WALL BILL | ||
| 650 |
_aParty walls _96258 |
||
| 690 | _aPROPERTY LAW AND PRACTICE | ||
| 942 | _n0 | ||
| 948 | _c04/03/1997 | ||
| 999 |
_c7902 _d7902 |
||